000 00692nam a2200289Ia 4500
005 20260324135915.0
008 008 260324s9999 xx 000 0 eng d
020 _a9780203132920
037 _aEBOOK
040 _aCRL
040 _beng
040 _cCRL
041 _2eng
041 _aeng
084 _qCRL
100 _aAnn Searle
_91202377
245 0 _aIntroducing Research and Data in Psychology
245 2 _bA Guide to Methods and Analysis
260 _bTaylor and Francis
260 _c1999
365 _a
365 _b29.95
856 _uhttp://www.taylorfrancis.com/books/9780203132920
942 _cEBOOK
999 _c1803920
_d1803920